The Dhaka Law Reports : (Record no. 7181)
[ view plain ]
| 000 -LEADER | |
|---|---|
| fixed length control field | 00713nam a22002057a 4500 |
| 001 - CONTROL NUMBER | |
| control field | 481 |
| 003 - CONTROL NUMBER IDENTIFIER | |
| control field | BD-DhUAP |
| 005 - DATE AND TIME OF LATEST TRANSACTION | |
| control field | 20210117112712.0 |
| 008 - FIXED-LENGTH DATA ELEMENTS--GENERAL INFORMATION | |
| fixed length control field | 210117s2011 bg x p w 0 a0eng d |
| 040 ## - CATALOGING SOURCE | |
| Original cataloging agency | BD-DhAAL |
| Transcribing agency | BD-DhAAL |
| Language of cataloging | Eng |
| Modifying agency | BD-DhUAP |
| 082 00 - DEWEY DECIMAL CLASSIFICATION NUMBER | |
| Classification number | 348.549204 DHA |
| Edition number | 23 |
| 245 00 - TITLE STATEMENT | |
| Title | The Dhaka Law Reports : |
| Remainder of title | a monthly law journal / |
| Statement of responsibility, etc. | edited by Obaidul Huq Chowdhury. |
| 260 ## - PUBLICATION, DISTRIBUTION, ETC. | |
| Place of publication, distribution, etc. | Dhaka : |
| Name of publisher, distributor, etc. | Dhaka law reports, |
| Date of publication, distribution, etc. | 2011. |
| 300 ## - PHYSICAL DESCRIPTION | |
| Extent | volumes ; |
| Dimensions | 26 cm. |
| 505 ## - FORMATTED CONTENTS NOTE | |
| Formatted contents note | V. 63-Table of cases of the appellate division of the supreme court of Bangladesh. |
| 650 ## - SUBJECT ADDED ENTRY--TOPICAL TERM | |
| Topical term or geographic name entry element | Law reports, digests, etc. |
| Geographic subdivision | Bangladesh. |
| 700 ## - ADDED ENTRY--PERSONAL NAME | |
| Personal name | Chowdhury, Obaidul Huq. |
| 942 ## - ADDED ENTRY ELEMENTS (KOHA) | |
| Source of classification or shelving scheme | |
| Koha item type | Book |
No items available.
Bengali Keyboard